000 00372nam a2200145Ia 4500
008 090124s9999 xx 000 0 und d
082 _b305166
245 _a यशस्विनी
250 _a1
260 _bचिटणीस शुभा
_c2002
300 _a272
630 _a यशस्विनी
730 _a यशस्विनी
942 _cBOOK
999 _c195122
_d195122